Impressions of South Africa / (Registro nro. 152809)

Detalles MARC
000 -LEADER
campo de control de longitud fija 00886nam a2200229 i 4500
001 - NÚMERO DE CONTROL
campo de control 152809
003 - IDENTIFICADOR DE NÚMERO DE CONTROL
campo de control ES-MaACL
005 - FECHA Y HORA DE LA ÚLTIMA TRANSACCIÓN
campo de control 20250712063129.0
008 - DATOS DE LONGITUD FIJA--INFORMACIÓN GENERAL
campo de control de longitud fija 051017e1899 xxkb |||| | eng d
040 ## - FUENTE DE CATALOGACIÓN
Centro catalogador/agencia de origen CAM
Lengua de catalogación spa
Centro/agencia transcriptor CAM
100 1# - ENTRADA PRINCIPAL--NOMBRE DE PERSONA
Nombre de persona Bryce, James,
Fechas asociadas al nombre 1838-1922
Término indicativo de función/relación Autor
9 (RLIN) 32253
245 10 - MENCIÓN DEL TÍTULO
Título Impressions of South Africa /
Mención de responsabilidad, etc. by James Bryce.
250 ## - MENCION DE EDICION
Mención de edición 3dr ed. rev.
Resto de la mención de edición throughout with a new prefactory chapter, and with the Transvaal Conventions of 1881 and 1884.
260 ## - PUBLICACIÓN, DISTRIBUCIÓN, ETC.
Lugar de publicación, distribución, etc. London :
Nombre del editor, distribuidor, etc. Macmillan and Co.,
Fecha de publicación, distribución, etc. 1899.
300 ## - DESCRIPCIÓN FÍSICA
Extensión XLIII, 492 páginas, [1] hoja de mapa plegada ;
Dimensiones 20 cm.
651 #4 - PUNTO DE ACCESO ADICIONAL DE MATERIA--NOMBRE GEOGRÁFICO
Nombre geográfico Sudáfrica-
Subdivisión general Descripción.
9 (RLIN) 159920
651 #4 - PUNTO DE ACCESO ADICIONAL DE MATERIA--NOMBRE GEOGRÁFICO
Nombre geográfico Transvaal-
Subdivisión general Historia-
Subdivisión cronológica 1880-1910.
9 (RLIN) 147776
852 ## - LOCALIZACIÓN
Ubicación ES-MaACL
Ubicación en estantería Sala Pecera Planta 3
Donativo/Legado Donativo de Emilia Gayangos de Riaño
Número de control de estantería G-10938
Encuadernación Tela
942 ## - ELEMENTOS DE ENTRADA SECUNDARIOS (KOHA)
Fuente del sistema de clasificación o colocación Clasificación decimal universal
Tipo de ítem Koha Libro impreso antiguo
Suprimir en OPAC No
Existencias
Estatus retirado Estado de pérdida Fuente del sistema de clasificación o colocación Estado de daño No para préstamo Colección Biblioteca de origen Biblioteca actual Ubicación en estantería Fecha de adquisición Fuente de adquisición Total de préstamos Signatura topográfica completa Código de barras Visto por última vez Tipo de ítem Koha
    Clasificación decimal universal     Libros del s. XIX Biblioteca del Ateneo de Madrid Biblioteca del Ateneo de Madrid Sala Pecera Planta 3 17/01/2008 Donación   G-10938 1159593 23/02/2023 Libro impreso antiguo